Mối thù tơ lụa = The silk vendetta

Sparad:
Bibliografiska uppgifter
Huvudupphovsman: Victoria Holt
Materialtyp: Bok
Språk:Undetermined
Publicerad: H. Phụ Nữ 2004
Ämnen:
Taggar: Lägg till en tagg
Inga taggar, Lägg till första taggen!
Thư viện lưu trữ: Trung tâm Học liệu Trường Đại học Cần Thơ
LEADER 00583nam a2200217Ia 4500
001 CTU_58942
008 210402s9999 xx 000 0 und d
020 |b 60000 
082 |a 823.91 
082 |b H758 
100 |a Victoria Holt 
245 0 |a Mối thù tơ lụa = 
245 4 |b The silk vendetta 
245 0 |c Victoria Holt; Hồng Vân biên dịch 
260 |a H. 
260 |b Phụ Nữ 
260 |c 2004 
650 |a english fiction 
650 |y 20th century ( vietnamese ) 
904 |i Minh 
980 |a Trung tâm Học liệu Trường Đại học Cần Thơ